LEADER 01169nam a2200241 i 4500 001 000000076230 003 CaOOAMICUS 005 20090429000000.0 008 090429s1958 it u000 u ita u 013 $a47402 040 $aSeMil$bita 110 2 $aIstituto Antonio Gramsci.$0(OLS)http://semarc/name/262 245 10$aStudi gramsciani :$batti del convegno tenuto a Roma nei giorni 11-13 gennaio 1958. 260 $aRoma :$bEditori Riuniti,$c1958. 300 $aX, 592 p. ;$c23 cm. 500 $aIn testa al front.: Istituto Antonio Gramsci. 600 14$aGramsci, Antonio <1891-1937>.$0(OLS)http://semarc/subject/9163 700 1 $aFondazione Istituto Gramsci : Centro studi paesi dell'Europa centrale e orientale .$0(OLS)http://semarc/name/37573 700 1 $aConvegno di studi gramsciani <1. ; 1958 ; Roma>.$0(OLS)http://semarc/name/37572 850 $aSeMil 852 $aSeMil$W1$xVenegono$y1$m2Q III 120$j42382$B42382$CSeMilBibl$Z2$F42386 $81 996 $6245$aStudi gramsciani :$batti del convegno tenuto a Roma nei giorni 11-13 gennaio 1958$9(OLS)http://semarc/title/123546 996 $6260$aRoma :$bEditori Riuniti$9(OLS)http://semarc/publisher/30240 LEADER 01875nam a2200349 i 4500 001 000000158420 003 CaOOAMICUS 005 20070207000000.0 008 070207s1981 it u000 u ita u 013 $a135783 040 $aSeMil$bita 100 0 $aPhilo : Alexandrinus ,$d.$0(OLS)http://semarc/name/1002 245 12$aL'erede delle cose divine /$cFilone di Alessandria ; Prefazione, traduzione e note di Roberto Radice ; Introduzione di Giovanni Reale. 260 $aMilano :$bRusconi,$c1981. 300 $a236 p. ;$c22 cm. 490 0 $aI classici del pensiero. Sez. 1, Filosofia classica e tardo-antica 500 $aContiene : Bibliografia. - Fondo Card. Giovanni Colombo. 600 04$aMosč .$0(OLS)http://semarc/subject/4772 600 04$aAbramo .$0(OLS)http://semarc/subject/15998 650 4$aBibbia. Antico Testamento. Esodo - Commentari, studi, critica, interpretazioni.$0(OLS)http://semarc/subject/6072 650 4$aFilosofia - Testi - Sec. 1.$0(OLS)http://semarc/subject/5867 650 4$aBibbia. Antico Testamento - Commentari, studi, critica, interpretazioni.$0(OLS)http://semarc/subject/2 700 1 $aReale, Giovanni,$d<1931-2014>.$0(OLS)http://semarc/name/74 700 1 $aRadice, Roberto.$0(OLS)http://semarc/name/75 710 2 $aUniversitą Cattolica del Sacro Cuore : Centro di ricerche di Metafisica.$0(OLS)http://semarc/name/73 830 2$aI classici del pensiero. Sez. 1, Filosofia classica e tardo-antica.$0(OLS)http://semarc/title/14210 850 $aSeMil 852 $aSeMil$W1$xVenegono$y1$m1O IV 119$j110071$B110071$CSeMilBibl$Z2$F119699 $81 941 1 $a3 961 $aLascito: Colombo Card. Giovanni 996 $6245$aL'erede delle cose divine$9(OLS)http://semarc/title/139870 996 $6260$aMilano :$bRusconi$9(OLS)http://semarc/publisher/30258